|
|
|
|
| LEADER |
02003nam a22003972a 4500 |
| 001 |
000337952 |
| 003 |
CZ BrMZK |
| 005 |
20110201151108.0 |
| 007 |
ta |
| 008 |
980107s1951 xr f cze d |
| 015 |
|
|
|a cnb000401132
|
| 035 |
|
|
|a (OCoLC)85172583
|
| 040 |
|
|
|a BOA001
|b cze
|
| 041 |
1 |
|
|a cze
|h rus
|
| 100 |
1 |
|
|a Sverdlov, Grigorij Markovič,
|d 1898-1965
|7 jx20050524025
|4 aut
|
| 245 |
1 |
0 |
|a Manželství a rodina v SSSR /
|c Grigorij Markovič Sverdlov ; přeložil Evžen Sinkarževský
|
| 250 |
|
|
|a Vydání 1.
|
| 260 |
|
|
|a Praha :
|b Svět sovětů,
|c 1951
|
| 300 |
|
|
|a 106 s.
|
| 490 |
1 |
|
|a Prameny poznání SSSR. Malá řada ;
|v sv. 16
|
| 500 |
|
|
|a Přeloženo z ruštiny.
|
| 830 |
|
0 |
|a Prameny poznání SSSR.
|p Malá řada
|
| 910 |
|
|
|a BOA001
|b PK-A-0000.868
|b 1-0277.329
|
| 964 |
|
|
|a Manželství - SSSR - právo - zákony - přehledy
|
| 964 |
|
|
|a Rodina - SSSR - předpisy právní - přehledy
|
| 990 |
|
|
|a BK
|
| 996 |
6 |
|
|b 2619377572
|c 1-0277.329
|l MZK
|r Sklad / do 1 hodiny
|n 1
|w 000337952
|u 000130
|a 1
|e BOA001
|j MZK50
|s P
|
| 996 |
7 |
|
|b 2619377573
|c 1-0277.329
|l MZK
|r Sklad / do 1 hodiny
|n 0
|w 000337952
|u 000120
|a 1
|e BOA001
|j MZK50
|s A
|
| 996 |
7 |
|
|b 2619377574
|c 1-0277.329
|l MZK
|r Sklad / do 1 hodiny
|n 0
|w 000337952
|u 000110
|a 1
|e BOA001
|j MZK50
|s A
|
| 996 |
7 |
|
|b 2619377575
|c 1-0277.329
|l MZK
|r Sklad / do 1 hodiny
|n 0
|w 000337952
|u 000100
|a 1
|e BOA001
|j MZK50
|s A
|
| 996 |
7 |
|
|b 2619377576
|c 1-0277.329
|l MZK
|r Sklad / do 1 hodiny
|n 0
|w 000337952
|u 000090
|a 1
|e BOA001
|j MZK50
|s A
|
| 996 |
7 |
|
|b 2619377577
|c 1-0277.329
|l MZK
|r Sklad / do 1 hodiny
|n 0
|w 000337952
|u 000080
|a 1
|e BOA001
|j MZK50
|s A
|
| 996 |
7 |
|
|b 2619377578
|c 1-0277.329
|l MZK
|r Sklad / do 1 hodiny
|n 0
|w 000337952
|u 000070
|a 1
|e BOA001
|j MZK50
|s A
|
| 996 |
7 |
|
|b 2619377579
|c 1-0277.329
|l MZK
|r Sklad / do 1 hodiny
|n 0
|w 000337952
|u 000060
|a 1
|e BOA001
|j MZK50
|s A
|
| 996 |
7 |
|
|b 2619377580
|c 1-0277.329
|l MZK
|r Sklad / do 1 hodiny
|n 1
|w 000337952
|u 000050
|a 1
|e BOA001
|j MZK50
|s A
|
| 996 |
7 |
|
|b 3119804861
|c PK-A-0000.868
|l MZK
|r Sklad / do 1 hodiny
|n 3
|w 000337952
|u 000010
|a 1
|e BOA001
|j MZK50
|s A
|